8 mots dans mots : cri (mort subite) - Statistiques

Statistiques générales
  • Ce quiz a été pris 30 fois
  • Le résultat moyen est 6 sur 8
Answers on the Grid
Answers color-coded by a green-red scale on the quiz's grid according to % correct below.
impres---ptibilité
mi---miniaturisation
s---bouiller
re---queviller
circons---ptible
entre---iser
retrans---re
désen---ûtement
endo---nologique
impres---ptibilité
a---batiquement
a---monieusement
né---mancienne
mi---nutriment
indé---ttable
re---stalliser
 
Statistiques - réponses
Réponse % Correct
retrans---re
86%
impres---ptibilité
83%
circons---ptible
79%
endo---nologique
76%
impres---ptibilité
76%
re---stalliser
66%
s---bouiller
55%
a---monieusement
45%
Aucun quiz correspondant
Distribution des résultats
% des personnes avec chaque résultat
Percentile par nombre de réponses
Votre historique - résultats
Vous n’avez pas pris ce quiz